Zahrá svetová maďarská filharmónia

Bibliographic Details
Format: Article
Language:Slovak
PhysicalDescription:Fotogr.
ISSN:1335-4566
Subjects:

MARC

LEADER 00000nab a2200000 a 4500
001 vtls010355471
003 SK-MaSNL
005 20260303093429.0
008 171108c20120504xo drz 0 0slo
038 |a KEVKJB 
040 |a KEVKJB  |b slo  |c KEVKJB  |e AACR2 
041 0 |a slo 
044 |a xo  |c SK 
080 |a 785.11  |2 2001 
245 0 0 |a Zahrá svetová maďarská filharmónia  |c [autor] (ato) 
300 |b Fotogr. 
610 2 7 |a Maďarská národná filharmónia (Budapešť, Slovensko)  |2 kevkjb  |9 1104575 
611 2 7 |a Košická hudobná jar  |n (57. :  |d 2012 :  |c Košice, Slovensko)  |2 snkbucl  |9 1104208 
648 7 |a 2012  |2 kevkjb  |9 326619 
650 0 7 |a koncerty  |2 kevkjb  |9 19182 
651 7 |a Košice (Slovensko)  |2 kevkjb  |9 18694 
773 0 |t Košický Korzár  |g Roč. XV., č. 103 (4.5.2012), s. 4  |x 1335-4566 
852 |a KEVKJB  |b KIS3GCP 
958 |a HU 
999 |c 1815604  |d 1817534